| 000 | 01114nam a2200373 b 4500 | ||
|---|---|---|---|
| 001 | 001947 | ||
| 003 | DO-SdBNP | ||
| 005 | 20230526101556.0 | ||
| 007 | 001947 | ||
| 008 | 040607s2004 sp |||| ||spa | ||
| 017 |
_a _b |
||
| 020 | _a8466312838 | ||
| 035 | _a | ||
| 040 |
_aBPMSU _bspa _cBPMSU _e |
||
| 080 | 0 | _a | |
| 082 | 4 |
_a920 _bP923A _222 |
|
| 100 | _aAnónimo | ||
| 245 | 1 | 0 |
_aPregúntale a Alicia / _canónimo ; traducción de Teresa Pàmies _h |
| 246 | 1 | 4 | _aPreguntale a Alicia : historia de una chica atrapada en el mundo de las drogas |
| 250 | _a2a. ed. | ||
| 260 |
_aMadrid : _bSuma de Letras, _c2004 |
||
| 300 |
_a242 p. : _c18 cm |
||
| 490 | 0 |
_aPunto de lectura, _v513 |
|
| 500 | _3Al principiar el título : Anónimo. | ||
| 534 |
_aTítulo original : _t Go ask Alice. |
||
| 590 | _aInventariado, 2023/VM | ||
| 650 | 4 | _aDiarios | |
| 650 | 4 | _aDrogas alucinógenas. | |
| 650 | 4 |
_aAbuso de drogas _xRelatos personales |
|
| 700 | 1 |
_aSparks, Beatrice Mathews _etr. |
|
| 700 | 1 |
_aPámies, Teresa _d |
|
| 910 | _aVMateo V. Control de calidad (BPMSU) | ||
| 942 |
_2ddc _cBK |
||
| 999 |
_c10306 _d10306 |
||